000 00940nam a2200289Ia 4500
001 Z_4875
003 CHAP
008 220113s2001 xx 000 0 und d
010 _a167929
040 _cCHAP
090 _aTesis E 1735
100 _aEstrada Peña, Manuel
_938426
245 _aBloque multinutricional con diferentes niveles de proteína no degradable como suplemento en la alimentación de ovinos /
_cpor Manuel Estrada Peña
260 _aChapingo, Méx. :
_bEl autor,
_c2001
300 _a76 h.
502 _aTesis (Maestro en Ciencias Especialista en Producción Animal) -- UACH. Departamento de Zootecnia
650 _aBloques multinutrionales
_9142171
650 _aGanado lanar
_xAlimentación
_945153
650 _aProteínas en nutrición animal
_992454
650 _aRumiantes
_xAlimentación
901 _aTESIS E 1735
902 _aM
910 _a2001
942 _c2
942 _c2
999 _c167929
_d167929